Catalog

Record Details

Catalog Search



Mythology  Cover Image Book Book

Mythology / written by Neil Philip.

Philip, Neil. (Author).

Summary:

Surveys the treatment of gods, goddesses, the heavens, creation, death, and evil as expressed in various mythologies around the world.

Record details

  • ISBN: 0789462885
  • ISBN: 0789462893
  • Physical Description: 61 pages : illustrations ; 29 cm.
  • Publisher: New York : Dorling Kindersley, c2000.

Content descriptions

General Note:
Cover subtitle: Discover the captivating stories told by different cultures to explain the mysteries of our world.
Includes index.
Subject: Mythology > Juvenile literature.
Religions > Juvenile literature.

Available copies

  • 1 of 1 copy available at scottsboropl.

Holds

  • 0 current holds with 1 total copy.
Show Only Available Copies
Location Call Number / Copy Notes Barcode Shelving Location Status Due Date
scottsboropl J 291.1 Phi 32269000697345 Juvenile - NonFiction Available -

LDR 01131nam a2200277 a 4500
001126264
003CONS
00520140703073303.0
008981103s2000 nyua c 001 0 eng u
020 . ‡a0789462885
020 . ‡a0789462893
035 . ‡a(CPomAG)LMN493512
05000. ‡aBL311 ‡b.P485 2000
08200. ‡a291.1/3 ‡221
1001 . ‡aPhilip, Neil.
24510. ‡aMythology / ‡cwritten by Neil Philip.
260 . ‡aNew York : ‡bDorling Kindersley, ‡cc2000.
300 . ‡a61 pages : ‡billustrations ; ‡c29 cm.
440 0. ‡aEyewitness books ; ‡v101
500 . ‡aCover subtitle: Discover the captivating stories told by different cultures to explain the mysteries of our world.
500 . ‡aIncludes index.
520 . ‡aSurveys the treatment of gods, goddesses, the heavens, creation, death, and evil as expressed in various mythologies around the world.
650 0. ‡aMythology ‡vJuvenile literature.
650 0. ‡aReligions ‡vJuvenile literature.
959 . ‡i32269000697345 ‡lJ291.1 Phi ‡aJuvenile - NonFiction ‡tJuv Nonfiction ‡g14.00
852 . ‡p32269000697345 ‡jJ291.1 Phi ‡gJuvenile - NonFiction ‡cJuv Nonfiction ‡y14.00 ‡bSBPL
901 . ‡a126264 ‡bUnknown ‡c126264 ‡tbiblio

Additional Resources